Alle Länder des Russischen Kaiserreichs - Statistiken

Allgemein
  • Dieses Quiz wurde 34 mal gespielt
    15 seit der letzten Aktualisierung
  • Das Durchschnittsergebnis liegt bei 15 aus 17
Antwortstatistiken
Antwort % Korrekt
Kasachstan
100%
Russland
100%
Aserbaidschan
92%
Estland
92%
Finnland
92%
Lettland
92%
Litauen
92%
Polen
92%
Tadschikistan
92%
Usbekistan
92%
Armenien
85%
Belarus
85%
Georgien
85%
Moldau
85%
Turkmenistan
85%
Ukraine
85%
Kirgistan
54%
Keine übereinstimmenden Quizze gefunden
Verteilung der Resultate
Anzahl Personen mit jedem Resultat
Perzentil nach korrekt beantworteten Fragen
Ihre Resultats-Entwicklung
Sie haben dieses Quiz seit der letzten Aktualisierung nicht gespielt